000 05460nam a22005657a 4500
005 2012090505595.0
010 _aB-463612-641
020 _a9788189738181
_c795.00
035 _aB-463612-641
037 _adpl
_bRBC Pub/Ven
082 _a847
100 _aHasan, Mushirul
_952162
245 _aWit and Humour:
_bin colonial North India/
_cBy Mushirul Hasan
260 _aNew Delhi
_bNiyogi Books
_c2009
270 _aD-78, Okhla Industrial Area, Phase-I
_bNew delhi
_e110020
300 _a188p.
_bill.
_c30cm. (Hb)
500 _aIt includes glossary and notes
942 _2ddc
_cEN
_mHAS
_h847
999 _c69723
_d69723